Imagen perfecta : vivir en la era de la foto oportunista /

Na minha lista:
Detalhes bibliográficos
Autor principal: Adatto, Kiku (autor)
Outros Autores: Moreno Cantero, Ramón (traducción) (traducción)
Formato: Livro
Idioma:espanhol
Publicado em: Torrelavega, España : Quálea, 2010, c2010
Assuntos:
Tags: Adicionar Tag
Sem tags, seja o primeiro a adicionar uma tag!

MARC

LEADER 00000nam^a2200000^a^4500
001 000361358
005 20250521000000.0
009 20260310115450.628
020 |a 978-84-938512-0-0 
037 |a Acervo ITESO - Biblioteca 
041 |a ESP 
082 |a 302. 23011  |b ADA 
100 |a Adatto, Kiku  |e (autor) 
245 1 0 |a Imagen perfecta :  |b vivir en la era de la foto oportunista /  |c K. Adatto ; tr. por R. Moreno Cantero. 
264 4 |a Torrelavega, España :  |b Quálea,  |c 2010, c2010 
300 |a 366 p. 
336 |a texto  |b txt  |2 rdacontenido 
337 |a sin mediación  |b n  |2 rdamedio 
338 |a volumen  |b nc  |2 rdasoporte 
500 |a Traducción de: Picture Perfect: Life in the Age of the Photo Op 
521 |a 2015 BO Licenciatura en Diseño 
649 |a XX 
650 |a Imagen -  |x Aspectos Sociales y Culturales -  |x Tema Principal 
650 |a Cine -  |x Aspectos Sociales y Culturales 
650 |a Televisión -  |x Aspectos Sociales y Culturales 
650 |a Fotoperiodismo -  |x Aspectos Sociales y Culturales 
650 |a Fotografía y Sociedad -  |x Tema Principal 
650 |a Redes Sociales (Internet) -  |x Aspectos Sociales y Culturales 
650 |a Cultura de Masas 
650 |a Manipulación Informativa 
650 |a Recepción y Apropiación de la Comunicación 
650 |a Tecnologías de Comunicación e Información -  |x Aspectos Sociales y Culturales 
650 |a Medios de Comunicación -  |x Aspectos Sociales y Culturales -  |x Tema Principal 
650 |a Arte y Política 
650 |a Comunicación y Política 
650 |a Comunicación Visual 
650 |a Comunicación Masiva 
650 |a Sociología de la Comunicación 
700 |a Moreno Cantero, Ramón  |e (traducción) 
910 |a Fondo General 
920 |a Impresos - Libros 
930 |a Colección General 
905 |a 101 
901 |a 0500254485  |b IT1  |c ACC  |i C148069  |u 20250521 
901 |a 0500254482  |b IT1  |c ACC  |i C148068  |u 20250521 
902 |a https://opac.biblio.iteso.mx/vufind/Record/000361358